[Event "Karl Mala Memorial op 10th"]
[Site "Griesheim"]
[Date "2006.07.22"]
[Round "5"]
[White "Fredershausen, Kurt"]
[Black "Wagner, Nora"]
[Result "0-1"]
[WhiteElo "1262"]
[BlackElo "1109"]
[PlyCount "100"]
[EventDate "2006.07.20"]
[EventType "swiss"]
[EventRounds "7"]
[EventCountry "GER"]
[SourceTitle "CBM 113 Extra"]
[Source "ChessBase"]
[SourceDate "2006.09.14"]
[SourceVersion "1"]
[SourceVersionDate "2006.09.14"]
[SourceQuality "1"]

1. d4 d5 2. c4 e6 3. Nc3 Nf6 4. Nf3 Be7 5. Bf4 Bd6 6. Bxd6 cxd6 7. e3 0-0 8. Nd2 dxc4 9. Nxc4 d5 10. Ne5 Nbd7 11. Ng4 Re8 12. Be2 Nxg4 13. Bxg4 Nf6 14. Bf3 e5 15. 0-0 Bf5 16. Re1 e4 17. Be2 Rc8 18. h3 h6 19. Rc1 Re6 20. Qd2 Nh7 21. Qd1 Rg6 22. Bg4 Be6 23. Bxe6 fxe6 24. Ne2 Rc6 25. Rxc6 bxc6 26. Nf4 Rf6 27. h4 Qe7 28. Qg4 Qf7 29. Rf1 Nf8 30. f3 Ng6 31. fxe4 dxe4 32. h5 Nxf4 33. Rxf4 Rxf4 34. Qxf4 Qxh5 35. Qxe4 Qd1+ 36. Kh2 Qh5+ 37. Kg3 Qg5+ 38. Kf2 Qf5+ 39. Qxf5 exf5 40. Kf3 g5 41. g4 fxg4+ 42. Kxg4 Kf7 43. Kh5 Ke6 44. Kxh6 g4 45. b4 g3 46. a4 g2 47. e4 g1Q 48. d5+ cxd5 49. exd5+ Kf6 50. b5 Qg6# 0-1

[Event "Karl Mala Memorial op 10th"]
[Site "Griesheim"]
[Date "2006.07.22"]
[Round "4"]
[White "Wagner, Nora"]
[Black "Stulken, Dietmar"]
[Result "1/2-1/2"]
[WhiteElo "1109"]
[BlackElo "1396"]
[PlyCount "41"]
[EventDate "2006.07.20"]
[EventType "swiss"]
[EventRounds "7"]
[EventCountry "GER"]
[SourceTitle "CBM 113 Extra"]
[Source "ChessBase"]
[SourceDate "2006.09.14"]
[SourceVersion "1"]
[SourceVersionDate "2006.09.14"]
[SourceQuality "1"]

1. e4 e5 2. Nf3 Nc6 3. d4 exd4 4. Nxd4 Bc5 5. Be3 Nxd4 6. Bxd4 Bxd4 7. Qxd4 Qf6 8. Qxf6 Nxf6 9. Nc3 c6 10. 0-0-0 0-0 11. Bc4 b5 12. Be2 Bb7 13. e5 Nd5 14. Nxd5 cxd5 15. Bxb5 Bc6 16. Ba6 f6 17. Rhe1 fxe5 18. Rxe5 Rxf2 19. Bf1 Raf8 20. Ree1 h6 21. h3 1/2-1/2

[Event "GER-chT U14 Girls"]
[Site "Dittrichshuette"]
[Date "2005.12.27"]
[Round "1.4"]
[White "Wagner, Nora"]
[Black "Tran, My Linh"]
[Result "0-1"]
[WhiteElo "1106"]
[BlackElo "729"]
[PlyCount "120"]
[EventDate "2005.12.27"]
[EventType "team-swiss"]
[EventRounds "6"]
[EventCountry "GER"]
[SourceTitle "CBM 110 Extra"]
[Source "ChessBase"]
[SourceDate "2006.03.10"]
[SourceVersion "2"]
[SourceVersionDate "2006.03.10"]
[SourceQuality "1"]
[WhiteTeam "Nastaetten SC U14 Girls"]
[BlackTeam "Rossdorf SC Ladja U14 Girls"]
[WhiteTeamCountry "GER"]
[BlackTeamCountry "GER"]

1. e4 e5 2. Nf3 Nc6 3. d4 d6 4. dxe5 Bg4 5. Bb5 Bxf3 6. Qxf3 dxe5 7. 0-0 Qd7 8. Rd1 Qe6 9. Nc3 a6 10. Nd5 Rc8 11. Bxc6+ Qxc6 12. c3 Ne7 13. Qh5 Qe6 14. Nxe7 Bxe7 15. Rd5 Bd6 16. Be3 c6 17. Ra5 Bc7 18. Ra3 0-0 19. Rf1 Rcd8 20. Rb3 b5 21. Qe2 Qg6 22. f3 Rd7 23. c4 Rfd8 24. Rd3 Rxd3 25. cxb5 axb5 26. Ra1 Qd6 27. h3 Rd1+ 28. Rxd1 Qxd1+ 29. Qxd1 Rxd1+ 30. Kh2 Re1 31. Bc5 Re2 32. Ba3 Ba5 33. Bd6 f6 34. b4 Rxa2 35. bxa5 Rxa5 36. h4 Ra7 37. g4 h6 38. Kg3 Rb7 39. Bb4 Rc7 40. Bc5 g5 41. Bd6 Rc8 42. Bc5 Kf7 43. h5 Rd8 44. Kf2 Rd2+ 45. Ke3 Rc2 46. Ba3 c5 47. Kd3 Rc4 48. Bb2 Rb4 49. Kc3 Ra4 50. Kb3 c4+ 51. Kc3 Ke6 52. Bc1 Kd6 53. Be3 Ra3+ 54. Kd2 b4 55. Bb6 Kc6 56. Bd8 b3 57. Kc1 c3 58. Kb1 b2 59. Bxf6 Ra1+ 60. Kc2 b1Q+ 0-1

[Event "GER-chT U14 Girls"]
[Site "Dittrichshuette"]
[Date "2004.12.29"]
[Round "4.4"]
[White "Kinzel, Tiffany"]
[Black "Wagner, Nora"]
[Result "1-0"]
[WhiteElo "945"]
[BlackElo "982"]
[PlyCount "121"]
[EventDate "2004.12.27"]
[EventType "team"]
[EventRounds "6"]
[EventCountry "GER"]
[SourceTitle "EXT 2006"]
[Source "ChessBase"]
[SourceDate "2005.11.24"]
[SourceVersion "1"]
[SourceVersionDate "2005.11.24"]
[SourceQuality "1"]

1. e4 e5 2. Nf3 Nc6 3. d4 exd4 4. Nxd4 Qh4 5. Be2 Qxe4 6. Nb5 Qxg2 7. Bf3 Qg6 8. Nxc7+ Kd8 9. Nxa8 Qe6+ 10. Be2 Ne5 11. Nd2 Ng4 12. Nf3 Bc5 13. Nd4 Qe5 14. c3 N8f6 15. Be3 Nxe3 16. fxe3 Qxe3 17. Qd3 Qxd3 18. Bxd3 Re8+ 19. Kd2 Ne4+ 20. Bxe4 Rxe4 21. Rae1 Rh4 22. Kd3 b6 23. Re2 Bb7 24. Rhe1 Bxa8 25. Re8+ Kc7 26. Rxa8 Kb7 27. Ree8 Ka6 28. a4 Bxd4 29. cxd4 d5 30. Re7 Rh3+ 31. Kc2 Rxh2+ 32. Kb3 b5 33. Raxa7+ Kb6 34. Rab7+ Ka5 35. Rxb5+ Ka6 36. Rxd5 Rh6 37. Rxf7 Rg6 38. Rdd7 Rg3+ 39. Ka2 g5 40. d5 h5 41. d6 Kb6 42. a5+ Kc6 43. a6 Rg4 44. Kb1 Ra4 45. a7 g4 46. Rd8 g3 47. a8Q+ Rxa8 48. Rxa8 Kxd6 49. Rg8 h4 50. Rh7 g2 51. Rxg2 Ke5 52. Rxh4 Kf5 53. b4 Ke5 54. b5 Kd6 55. Rb2 Kc5 56. b6 Kd5 57. b7 Ke5 58. b8Q+ Kf5 59. Rb5+ Ke6 60. Rh6+ Kd7 61. Rb7# 1-0